| 000 | 01396cam a2200277 4500 | ||
|---|---|---|---|
| 001 | L158952 | ||
| 002 | 19718 | ||
| 008 | 060303n2012 000 0 eng u | ||
| 020 | _a9781902790794 | ||
| 035 | _a(Sirsi) u158952 | ||
| 041 | 0 | _aeng | |
| 050 | 0 | 4 | _a690.22 $2 18 |
| 110 | 2 |
_aFire Protection Association _9231 |
|
| 245 | 0 | 0 |
_aFire prevention on construction sites _bthe joint code of practice on the protection from fire of construction sites and buildings undergoing renovation _bincorporating construction site fire prevention checklist |
| 250 | _a8th ed. | ||
| 260 |
_aBirmingham _bConstruction Industry Publications _aMoreton-in-Marsh _bFire Protection Association _c2012 |
||
| 300 |
_a56p. _c2012 |
||
| 350 | _a30 | ||
| 520 | _aSets out a series of measures which can be undertaken at the design and construction phase which will help prevent fires on construction sites. Includes an updated fire prevention checklist designed to be used in conjunction with Joint Code of Practice 8th Edition. The checklist converts the joint code in to a series of questions which should be asked to establish whether or not fire precautions on site are comprehensive and adequate. | ||
| 590 | _aIKA230806 | ||
| 650 | _aMANAGEMENT-HEALTH AND SAFETY-FIRE SAFETY | ||
| 651 | 4 |
_aUnited Kingdom _y |
|
| 690 |
_aHealth and safety _96244 |
||
| 710 | 2 |
_aContractors Legal Group _96163 |
|
| 942 | _n0 | ||
| 999 |
_c115597 _d115597 |
||